| 000 | 00645nam a2200229 a 4500 | ||
|---|---|---|---|
| 005 | 20140310183351.0 | ||
| 008 | 020820s19uu xx 00 eng d | ||
| 020 | _a981069945x | ||
| 050 |
_aQA 76.9.C643 _b.St73 2006 |
||
| 100 | _aStallings, William | ||
| 245 |
_aComputer organization and architecture / _cWilliam Stallings |
||
| 250 | _a7th ed. | ||
| 260 |
_aJurong, Singapore : _bPearson Education South Asia, _c2006. |
||
| 300 |
_a754 p. : _bill. ; _c23 cm. |
||
| 521 | _aIT | ||
| 650 | _aComputer organization | ||
| 650 | _aComputer architecture | ||
| 942 |
_cBK _2lcc _kFOR |
||
| 999 |
_c22096 _d22096 |
||